Catalog

Record Details

Catalog Search



Goebbels und die Juden / Christian T. Barth

Record details

  • ISBN: 3-506-70579-2
  • Physical Description: 315 s.
  • Publisher: Paderborn : Ferdinand Schöningh, c2003

Content descriptions

Bibliography, etc. Note:
Bibliografie
Rejstřík

Available copies

  • 1 of 1 copy available at Common Catalog SPOK.

Holds

  • 0 current holds with 1 total copy.
Show Only Available Copies
Location Call Number / Copy Notes Barcode Shelving Location Status Due Date
Terezin Initiative Institute 4093 4594304093 Knihovna ITI Available -

LDR 00602nam a2200217 a 4500
00127298
003CZ-PrJAB
00520221020094738.0
008040310s2003 gw gr 0 ger
020 . ‡a3-506-70579-2
035 . ‡a(CONS)2118
035 . ‡a(CZ PrSKC)zmp000021540
040 . ‡aABE323 ‡bcze
080 . ‡a296
1001 . ‡aBarth, Christian T. ‡4aut
24510. ‡aGoebbels und die Juden / ‡cChristian T. Barth
260 . ‡aPaderborn : ‡bFerdinand Schöningh, ‡cc2003
300 . ‡a315 s.
504 . ‡aBibliografie
504 . ‡aRejstřík
8524 . ‡bJACH-ITI ‡bJACH-ITI ‡cKnihovna ITI ‡j4093 ‡p4093 ‡y$0.00
910 . ‡aABE340 ‡b4093
995 . ‡askok
901 . ‡a27298 ‡bISxN ‡c27298 ‡tbiblio

Additional Resources